[Event "SVK-ch Amateurs"]
[Site "Liptovsky Jan"]
[Date "2023.06.15"]
[Round "1"]
[White "Smetana, Peter"]
[Black "Graus, Samuel"]
[Result "1-0"]
[WhiteElo "1763"]
[BlackElo "1000"]
[PlyCount "105"]
[EventDate "2023.06.15"]
[EventType "swiss"]
[EventRounds "8"]
[EventCountry "SVK"]
[SourceTitle "CBM 214 Extra"]
[Source "ChessBase"]
[SourceDate "2023.07.31"]
[SourceVersion "1"]
[SourceVersionDate "2023.07.31"]
[SourceQuality "1"]

1. e4 e5 2. Nf3 Nc6 3. Nc3 Nf6 4. d4 exd4 5. Nxd4 Bb4 6. Nxc6 dxc6 7. Qxd8+ Kxd8 8. Bg5 h6 9. Bxf6+ gxf6 10. 0-0-0+ Ke7 11. Ne2 Bc5 12. f3 Be6 13. b3 Rad8 14. Rd3 Bd6 15. Nc3 f5 16. Kb2 fxe4 17. fxe4 Be5 18. Be2 b5 19. a3 Rd4 20. g3 Rhd8 21. Rhd1 Rxd3 22. cxd3 a5 23. Kc2 f5 24. Bf3 f4 25. g4 Kf6 26. Ne2 Kg5 27. h4+ Kxh4 28. Rh1+ Kg5 29. Rh5+ Kg6 30. Rxe5 Kf6 31. Rc5 Bd7 32. Nxf4 Rg8 33. Rh5 Bxg4 34. Rxh6+ Kg5 35. Bxg4 Kxg4 36. Rxc6 Kxf4 37. Kc3 Rg1 38. Kd4 Rb1 39. Rf6+ Kg5 40. Rf5+ Kg6 41. Rxb5 Kf6 42. Rxa5 Rxb3 43. Ra7 Ke6 44. Kc4 Rb1 45. Ra6+ Kd7 46. Kd5 Rb5+ 47. Kc4 Rb1 48. a4 Kc8 49. Kd5 Kb7 50. Ra5 Kb6 51. Rb5+ Rxb5+ 52. axb5 Kxb5 53. e5 1-0

[Event "Kezmarok op"]
[Site "Kezmarok"]
[Date "2022.09.30"]
[Round "8"]
[White "Smetana, Peter"]
[Black "Ropovik, Samuel"]
[Result "1-0"]
[WhiteElo "1715"]
[BlackElo "1497"]
[PlyCount "121"]
[EventDate "2022.09.24"]
[EventType "swiss"]
[EventRounds "9"]
[EventCountry "SVK"]
[SourceTitle "CBM 210 Extra"]
[Source "ChessBase"]
[SourceDate "2022.11.30"]
[SourceVersion "1"]
[SourceVersionDate "2022.11.30"]
[SourceQuality "1"]

1. c4 g6 2. Nf3 Bg7 3. g3 c5 4. Bg2 Nc6 5. 0-0 d6 6. d3 Bf5 7. Nc3 e5 8. a3 Nge7 9. Rb1 0-0 10. b4 Qd7 11. Be3 Nd4 12. bxc5 dxc5 13. Nh4 Rab8 14. Nxf5 Nexf5 15. Bxd4 exd4 16. Ne4 b6 17. Bh3 Rbd8 18. Bxf5 Qxf5 19. a4 Qd7 20. a5 Qc7 21. axb6 axb6 22. Rb5 f5 23. Ng5 Rfe8 24. Qc2 Qe7 25. Nf3 Qxe2 26. Qxe2 Rxe2 27. Rxb6 Ra8 28. Re1 Raa2 29. Rxe2 Rxe2 30. Rb5 Bf8 31. h4 Rc2 32. Ne1 Rd2 33. Kf1 Kf7 34. Rb6 Kg7 35. Rb7+ Kg8 36. Rc7 Bd6 37. Rc6 Bf8 38. Re6 Kf7 39. Re2 Bh6 40. Rxd2 Bxd2 41. Nf3 Bc1 42. Ne5+ Ke6 43. f4 Ba3 44. Ke2 Kf6 45. Nd7+ Ke7 46. Nb6 Ke6 47. Nd5 h6 48. Kf3 h5 49. Ke2 Kd6 50. Kd1 Bb2 51. Kc2 Ba3 52. Nf6 Bb4 53. Kd1 Ba5 54. Nh7 Ke7 55. Ng5 Bc7 56. Nf3 Kf6 57. Kc2 Ba5 58. Kb3 Ke6 59. Ka4 Bb4 60. Nxd4+ cxd4 61. Kxb4 1-0

[Event "Kezmarok op"]
[Site "Kezmarok"]
[Date "2022.09.27"]
[Round "5"]
[White "Fizer, Marek"]
[Black "Smetana, Peter"]
[Result "0-1"]
[WhiteElo "1963"]
[BlackElo "1715"]
[PlyCount "76"]
[EventDate "2022.09.24"]
[EventType "swiss"]
[EventRounds "9"]
[EventCountry "SVK"]
[SourceTitle "CBM 210 Extra"]
[Source "ChessBase"]
[SourceDate "2022.11.30"]
[SourceVersion "1"]
[SourceVersionDate "2022.11.30"]
[SourceQuality "1"]

1. e4 c5 2. Nf3 e6 3. d4 cxd4 4. Nxd4 a6 5. Nc3 Qc7 6. Bd3 Nf6 7. 0-0 d6 8. Kh1 Be7 9. Qe2 Nbd7 10. f4 b5 11. a3 Bb7 12. Bd2 0-0 13. g4 Nc5 14. g5 Ne8 15. b4 Nxd3 16. cxd3 d5 17. e5 g6 18. Rf3 Ng7 19. Rh3 Rfc8 20. Rg1 Bf8 21. Nd1 Nf5 22. Nf3 d4 23. Nf2 Bg7 24. Ne4 Bd5 25. Rc1 Qxc1+ 26. Bxc1 Rxc1+ 27. Ne1 Rac8 28. Kg1 Bxe4 29. dxe4 Ne3 30. Kf2 Nd1+ 31. Kg3 R8c3+ 32. Kh4 Ne3 33. Rg3 Rxa3 34. Qd2 Rca1 35. Nc2 R1a2 36. Rxe3 dxe3 37. Qd8+ Bf8 38. Nxa3 e2 0-1

[Event "Kezmarok op"]
[Site "Kezmarok"]
[Date "2022.09.25"]
[Round "3"]
[White "Rak, Martin"]
[Black "Smetana, Peter"]
[Result "1/2-1/2"]
[WhiteElo "1805"]
[BlackElo "1715"]
[PlyCount "81"]
[EventDate "2022.09.24"]
[EventType "swiss"]
[EventRounds "9"]
[EventCountry "SVK"]
[SourceTitle "CBM 210 Extra"]
[Source "ChessBase"]
[SourceDate "2022.11.30"]
[SourceVersion "1"]
[SourceVersionDate "2022.11.30"]
[SourceQuality "1"]

1. e4 c5 2. Nf3 d6 3. d4 cxd4 4. Nxd4 Nc6 5. c4 g6 6. Nc3 Bg7 7. Be3 Qb6 8. Nb3 Bxc3+ 9. bxc3 Qc7 10. Bd4 e5 11. Be3 Be6 12. Qd3 Kf8 13. c5 dxc5 14. Bxc5+ Kg7 15. Bd6 Qc8 16. Nc5 b6 17. Na6 Qd7 18. Rd1 Nf6 19. Qb5 Rad8 20. Bf8+ Rhxf8 21. Rxd7 Bxd7 22. Qb1 Be6 23. Nc7 Rd6 24. Nxe6+ Rxe6 25. Be2 Rd8 26. 0-0 Red6 27. f3 Rd2 28. Kf2 Nh5 29. g3 Nf6 30. Rd1 Rxd1 31. Bxd1 Rd2+ 32. Be2 Na5 33. Ke3 Rd6 34. Qb5 Nc6 35. Qa6 Nd7 36. Qb7 Ndb8 37. f4 Rd7 38. Qc8 exf4+ 39. gxf4 Rd8 40. Qh3 Ne7 41. Bd3 1/2-1/2

[Event "Kezmarok op"]
[Site "Kezmarok"]
[Date "2022.09.24"]
[Round "1"]
[White "Walterova, Ema"]
[Black "Smetana, Peter"]
[Result "1/2-1/2"]
[WhiteElo "2062"]
[BlackElo "1715"]
[PlyCount "57"]
[EventDate "2022.09.24"]
[EventType "swiss"]
[EventRounds "9"]
[EventCountry "SVK"]
[SourceTitle "CBM 210 Extra"]
[Source "ChessBase"]
[SourceDate "2022.11.30"]
[SourceVersion "1"]
[SourceVersionDate "2022.11.30"]
[SourceQuality "1"]

1. e4 c5 2. Nf3 d6 3. d4 cxd4 4. Nxd4 Nc6 5. Nc3 e5 6. Nf3 Be7 7. Be2 Nf6 8. Bg5 a6 9. Qd2 0-0 10. Rd1 Ne8 11. Bxe7 Qxe7 12. Nd5 Qd8 13. 0-0 Be6 14. c4 Rc8 15. Rfe1 Bxd5 16. exd5 Ne7 17. Nxe5 dxe5 18. d6 Nf6 19. dxe7 Qxe7 20. Qd6 Qxd6 21. Rxd6 Rfd8 22. Red1 Rxd6 23. Rxd6 Kf8 24. f3 Ke7 25. Rb6 Rc7 26. Kf2 Nd7 27. Rb3 f6 28. Re3 Ke6 29. f4 1/2-1/2

[Event "SVK-ch rapid"]
[Site "Podbanske"]
[Date "2022.09.11"]
[Round "8"]
[White "Smetana, Peter"]
[Black "Vrbova, Niki"]
[Result "1-0"]
[WhiteElo "1296"]
[BlackElo "2127"]
[PlyCount "111"]
[EventDate "2022.09.10"]
[EventType "swiss (rapid)"]
[EventRounds "9"]
[EventCountry "SVK"]
[SourceTitle "CBM 210 Extra"]
[Source "ChessBase"]
[SourceDate "2022.11.30"]
[SourceVersion "1"]
[SourceVersionDate "2022.11.30"]
[SourceQuality "1"]

1. e4 c5 2. Nc3 Nc6 3. Nf3 e5 4. Bc4 Be7 5. 0-0 Nf6 6. d3 d6 7. Nh4 a6 8. f4 b5 9. Bd5 Qb6 10. Nf3 Bg4 11. Bxc6+ Qxc6 12. fxe5 Bxf3 13. Qxf3 dxe5 14. Bg5 0-0-0 15. Bxf6 Bxf6 16. Nd5 Rd6 17. c4 Kb7 18. b3 h5 19. Rad1 b4 20. Kh1 a5 21. Rf2 a4 22. Ra1 h4 23. Qd1 Ra8 24. Rf1 Rdd8 25. a3 h3 26. g3 Ra7 27. axb4 cxb4 28. bxa4 Rda8 29. Nxb4 Qc5 30. Qb3 Kc8 31. Nd5 Rb7 32. Qc3 Rab8 33. a5 Kd8 34. Nb6 Ke8 35. Rab1 Bd8 36. Rb5 Qd6 37. Rd5 Qc7 38. Qxe5+ Qxe5 39. Rxe5+ Kf8 40. c5 Ra7 41. Ref5 f6 42. Rd5 Ke7 43. Rb1 Rxa5 44. Kg1 Ra6 45. Rd7+ Kf8 46. Rd6 Ke8 47. Kf2 Bc7 48. Rc6 Kd8 49. Kf3 Ra2 50. Rh1 Ra3 51. Ke3 Rb3 52. Nd5 Ba5 53. Rd6+ Ke8 54. c6 Bb6+ 55. Nxb6 R3xb6 56. c7 1-0

[Event "EU-ch Schools U13"]
[Site "Tornelo INT"]
[Date "2021.12.05"]
[Round "6"]
[White "Jalovec, Igor"]
[Black "Smetana, Peter"]
[Result "0-1"]
[WhiteElo "1506"]
[BlackElo "1595"]
[PlyCount "100"]
[EventDate "2021.12.03"]
[EventType "swiss (rapid)"]
[EventRounds "7"]
[EventCountry "NET"]
[SourceTitle "EXT 2023"]
[Source "ChessBase"]
[SourceDate "2022.10.05"]
[SourceVersion "1"]
[SourceVersionDate "2022.10.05"]
[SourceQuality "1"]

1. e4 c5 2. Nf3 Nc6 3. Bb5 d6 4. d4 cxd4 5. Nxd4 Bd7 6. 0-0 g6 7. c3 Bg7 8. Be3 Nf6 9. Bd3 0-0 10. Nd2 a6 11. h3 Rc8 12. N2f3 e5 13. Nb3 Ne8 14. Re1 f5 15. Bc4+ Kh8 16. Bd5 f4 17. Bc1 Nf6 18. c4 Qe7 19. Nbd2 b5 20. b3 Nb4 21. Ba3 Nfxd5 22. exd5 Nd3 23. Re2 Nc5 24. Bxc5 Rxc5 25. Ne4 Rcc8 26. Rc1 Bf5 27. Qe1 Bxe4 28. Rxe4 Bf6 29. Qe2 Qb7 30. Rd1 Rc5 31. b4 Rxc4 32. Rxc4 bxc4 33. Qxc4 Rc8 34. Qe4 Kg7 35. a3 Rc3 36. a4 Rb3 37. Rb1 Rxb1+ 38. Qxb1 Qxd5 39. b5 axb5 40. axb5 Bd8 41. Qb4 Bb6 42. Qb1 Qc5 43. Qb2 h6 44. Kf1 Kh7 45. Kg1 e4 46. Nh2 e3 47. fxe3 Qxe3+ 48. Kf1 Qg1+ 49. Ke2 Qxg2+ 50. Kd3 Qxb2 0-1

[Event "EU-ch Schools U13"]
[Site "Tornelo INT"]
[Date "2021.12.05"]
[Round "7"]
[White "Smetana, Peter"]
[Black "Kiziria, Kakhaber"]
[Result "0-1"]
[WhiteElo "1595"]
[BlackElo "1604"]
[PlyCount "82"]
[EventDate "2021.12.03"]
[EventType "swiss (rapid)"]
[EventRounds "7"]
[EventCountry "NET"]
[SourceTitle "EXT 2023"]
[Source "ChessBase"]
[SourceDate "2022.10.05"]
[SourceVersion "1"]
[SourceVersionDate "2022.10.05"]
[SourceQuality "1"]

1. e4 c5 2. Nf3 Nc6 3. Nc3 g6 4. d4 cxd4 5. Nxd4 Bg7 6. Nxc6 bxc6 7. Bc4 d6 8. 0-0 e6 9. Qf3 Ne7 10. Rd1 0-0 11. Bf4 d5 12. Bd3 Qb6 13. Rab1 Ba6 14. Bxa6 Qxa6 15. Bd6 Rfe8 16. a3 Nc8 17. Bf4 Nb6 18. exd5 cxd5 19. h3 Rac8 20. Qd3 Qxd3 21. Rxd3 e5 22. Bd2 e4 23. Rg3 d4 24. Nb5 Rxc2 25. Bc1 Rec8 26. Bf4 Nd5 27. Bd6 R8c6 28. Bb4 Nxb4 29. axb4 Rc1+ 30. Rxc1 Rxc1+ 31. Kh2 Be5 32. Nxa7 d3 33. Nb5 d2 34. Nc3 Bxc3 35. Rxc3 Rxc3 36. bxc3 d1Q 37. Kg3 Qd3+ 38. Kf4 Kg7 39. b5 Kf6 40. b6 h5 41. b7 g5# 0-1

[Event "EU-ch Hybrid U14"]
[Site "Tornelo INT"]
[Date "2021.10.15"]
[Round "7"]
[White "Afonso, Joao Pedro"]
[Black "Smetana, Peter"]
[Result "1-0"]
[WhiteElo "1482"]
[BlackElo "1626"]
[PlyCount "83"]
[EventDate "2021.10.15"]
[EventType "swiss"]
[EventRounds "9"]
[EventCountry "NET"]
[SourceTitle "EXT 2023"]
[Source "ChessBase"]
[SourceDate "2022.10.05"]
[SourceVersion "1"]
[SourceVersionDate "2022.10.05"]
[SourceQuality "1"]
[WhiteTeam "Portugal"]
[BlackTeam "Slovakia"]
[WhiteTeamCountry "POR"]
[BlackTeamCountry "SVK"]

1. e4 c5 2. Nf3 Nc6 3. d4 cxd4 4. Nxd4 e5 5. Nb5 a6 6. Nd6+ Bxd6 7. Qxd6 Qe7 8. Qd1 Nf6 9. Nc3 0-0 10. Bg5 d6 11. Nd5 Qd8 12. Nxf6+ gxf6 13. Bh6 Re8 14. Bc4 Qe7 15. Qd3 Kh8 16. 0-0-0 Rd8 17. Qg3 Rg8 18. Qa3 Rd8 19. Rd3 Be6 20. Bxe6 fxe6 21. Rhd1 Nd4 22. Be3 f5 23. Bxd4 exd4 24. Rxd4 Qg5+ 25. Kb1 Qxg2 26. exf5 exf5 27. Qc3 Kg8 28. R4d3 Qxf2 29. Rg3+ Kf7 30. Re1 Qxe1+ 31. Qxe1 Re8 32. Qc3 Re5 33. b3 Rae8 34. Qc7+ R8e7 35. Qxd6 R5e6 36. Qd3 Re5 37. Rh3 Kf6 38. Qd6+ R5e6 39. Qd4+ Kg6 40. Rg3+ Kh5 41. Qf4 Rg6 42. Rh3# 1-0

[Event "EU-ch Hybrid U14"]
[Site "Tornelo INT"]
[Date "2021.10.15"]
[Round "1"]
[White "Smetana, Peter"]
[Black "Uritsky, Yonathan"]
[Result "0-1"]
[WhiteElo "1626"]
[BlackElo "2081"]
[PlyCount "158"]
[EventDate "2021.10.15"]
[EventType "swiss"]
[EventRounds "9"]
[EventCountry "NET"]
[SourceTitle "EXT 2023"]
[Source "ChessBase"]
[SourceDate "2022.10.05"]
[SourceVersion "1"]
[SourceVersionDate "2022.10.05"]
[SourceQuality "1"]
[WhiteTeam "Slovakia"]
[BlackTeam "Israel"]
[WhiteTeamCountry "SVK"]
[BlackTeamCountry "ISR"]

1. e4 c5 2. Nc3 Nc6 3. Nf3 g6 4. d4 cxd4 5. Nxd4 Bg7 6. Nxc6 bxc6 7. Bc4 d6 8. 0-0 Qa5 9. Qf3 e6 10. Rd1 Be5 11. Bf4 Ne7 12. Bxe5 Qxe5 13. Qd3 d5 14. exd5 cxd5 15. Bb5+ Kf8 16. Re1 Qf6 17. Rad1 Kg7 18. Qd4 Bb7 19. Qxf6+ Kxf6 20. Bd3 Rab8 21. b3 Rhd8 22. a4 Nc6 23. Na2 Rbc8 24. b4 Ne5 25. c3 Nc4 26. Bxc4 Rxc4 27. h3 Rdc8 28. Re3 a5 29. Rb1 Bc6 30. bxa5 Rxa4 31. Nb4 Be8 32. a6 Kg7 33. Rb2 Rb8 34. Ree2 d4 35. a7 Rxa7 36. cxd4 Ra4 37. Nd3 Rxb2 38. Rxb2 Rxd4 39. Ne5 Rd5 40. Nf3 Bc6 41. Kh2 Kf6 42. Rc2 Rd6 43. Rc3 Bb7 44. Re3 h5 45. h4 Rb6 46. Kg3 Rb4 47. Kh3 Rf4 48. Kg3 Rg4+ 49. Kh3 Bd5 50. Rc3 Kf5 51. Re3 Bxf3 52. Rxf3+ Rf4 53. Ra3 Rxf2 54. Kg3 Rf1 55. Ra7 f6 56. Ra5+ e5 57. Kh3 Rd1 58. Kg3 Rd3+ 59. Kh2 Rd6 60. g3 Kg4 61. Ra4+ Rd4 62. Ra3 e4 63. Kg2 Rd3 64. Ra4 Rxg3+ 65. Kf2 Rf3+ 66. Ke2 Rf4 67. Ke3 g5 68. hxg5 fxg5 69. Ra1 h4 70. Rg1+ Kf5 71. Ke2 h3 72. Rh1 Rh4 73. Kf2 Kf4 74. Rh2 g4 75. Ke2 g3 76. Rh1 g2 77. Rg1 h2 78. Rxg2 h1Q 79. Rg4+ Rxg4 0-1